| 000 | 00982nam a22002897a 4500 | ||
|---|---|---|---|
| 003 | CHAP | ||
| 005 | 20220329133917.0 | ||
| 008 | 971013s r 00010 d | ||
| 010 | _a12594 | ||
| 011 | _a13566 | ||
| 035 | _a17638 | ||
| 040 | _cCHAP | ||
| 090 | _aR-2119 | ||
| 100 | 0 | 0 |
_aGispert, Montserrat. _948214 |
| 245 | _aLes jardins familiaux au Mexique; leur stude dans une communaute rurale nouvelle situee en region tropicale humide | ||
| 500 | _aSobretiro de : Journ. d'Agric. trad. et de Bota. Appl. 28(2):159-182, 1981 | ||
| 590 |
_aBATCH-UPD _b10 _c20130109 _lUCH01 _h2347 |
||
| 590 |
_aBATCH-UPD _b10 _c20130110 _lUCH01 _h2004 |
||
| 590 |
_aBATCH-UPD _b10 _c20130410 _lUCH01 _h1324 |
||
| 590 |
_aBATCH-UPD _b10 _c20130914 _lUCH01 _h1622 |
||
| 590 |
_aCONVERSION _b10 _c20130109 _lUCH01 _h1308 |
||
| 650 | 1 | 4 |
_aHorticultura tropical. _956387 |
| 650 | 1 | 4 |
_aHorticultura _xMéxico. _956357 |
| 901 | _aBK | ||
| 942 | _cREIMP | ||
| 949 |
_aR-2119 _bBC _cR _d-41478 _eTS1 _i17638 _si |
||
| 999 |
_c12594 _d12594 |
||